000
00316nam a22001217a 4500
008
160613b xxu||||| |||| 00| 0 eng d
020
_a
9780838569764
020
_a
0838569765
041
_a
eng
080
_a
618.2
245
_a
Nursing ethics through the life span:
_c
Elsie Bandman; Bertram Bandman;
942
_2
udc
_c
BK
999
_c
2460
_d
2460